|
|
|
|
| LEADER |
01487nam a2200313 u 4500 |
| 001 |
10088198 |
| 003 |
upatras |
| 005 |
20240413063254.0 |
| 008 |
101206s2002 gr gre |
| 020 |
|
|
|a 9603753696
|
| 040 |
|
|
|a ΠΑΝΕΠΙΣΤΗΜΙΟ ΠΑΤΡΑΣ
|c ΠΑΝΕΠΙΣΤΗΜΙΟ ΠΑΤΡΑΣ
|
| 041 |
0 |
|
|a gre
|
| 082 |
0 |
4 |
|a 410
|
| 100 |
1 |
|
|a Lyons, John,
|d 1932-
|9 5937
|
| 245 |
1 |
0 |
|a Εισαγωγή στη θεωρητική γλωσσολογία
|c John Lyons; μετάφραση: Άννα Αναστασιάδη-Συμεωνίδη, Ζωή Γαβριηλίδου, Αγγελική Ευθυμίου
|
| 250 |
|
|
|a 1η έκδ.
|
| 260 |
|
|
|a Αθήνα
|b Μεταίχμιο
|c 2002
|
| 300 |
|
|
|a 642 σ.
|c 24 εκ.
|
| 504 |
|
|
|a Περιέχει βιβλιογραφικές παραπομπές και ευρετήρια
|
| 650 |
|
0 |
|a Γλωσσολογία
|9 517
|
| 650 |
|
4 |
|9 24244
|a Γραμματική, Συγκριτική και γενική
|
| 700 |
1 |
|
|a Αναστασιάδη - Συμεωνίδη Άννα,
|d 1945-
|4 trl
|9 49273
|
| 700 |
1 |
|
|a Γαβριηλίδου, Ζωή
|4 trl
|9 58095
|
| 700 |
1 |
|
|a Ευθυμίου, Αγγελική
|4 trl
|9 91063
|
| 852 |
|
|
|a GR-PaULI
|b ΠΑΤΡΑ
|b ΠΤΔΕ
|k ΑΣΧΕ
|h 410 LYO
|m 10874
|p 025000193564
|t 1
|
| 942 |
|
|
|2 ddc
|c BK15
|
| 952 |
|
|
|0 0
|1 0
|4 0
|6 410_000000000000000_LYO
|7 0
|9 94974
|a PTDE
|b PTDE
|d 2016-04-24
|i 10874
|l 0
|o 410 LYO
|p 025000193564
|r 2016-04-24 00:00:00
|t 1
|w 2016-04-24
|y BK15
|
| 998 |
|
|
|c ΤΣΕΝΕ
|d 2010-12
|
| 999 |
|
|
|c 63938
|d 63938
|